00926nam a2200229 a 450000500170000000800410001702000150005804000250007304100080009804400070010608200180011310000300013124501750016126000900033630000470042650400590047365000390053265000400057170000280061170000310063970000260067020170114020002.0140304s1999 mx d fr|||| 000 0 spa d a9709000136 aCO-BoIAVHcCO-BoIAVH0 aspa amx04a578.014bL79c1 aLLorente Bousquets, Jorge10aSíntesis del estado de las colecciones biológicas mexicanasbresultados de la encuesta "inventario y diagnóstico de la actividad taxonómica en México" 1996-19983 aMéxico:bComisión Nacional para el Conocimiento y Uso de la Biodiversidad,c1999. a143 páginas :bgráficas ;c28 x 22 cm. aIncluye referencias bibliográficas: páginas 68-70.14aColecciones biológicaszMéxico24aBiodiversidadvInventariozMéxico1 aKoleff Osorio, Patricia1 aBenítez Díaz, Hesiquio1 aLara Morales, Liliana